| 000 | 01614cam a22002054a 4500 | ||
|---|---|---|---|
| 005 | 20250605164025.0 | ||
| 008 | 250528s ||||||||||||||||||||||||d | ||
| 035 | _a16504 | ||
| 020 | _a9608386381 | ||
| 040 |
_aGR-AtMCL _bgre _dGR-AtMCL _eAACR2 |
||
| 245 | 1 | _aΠηγές Ανάπτυξης: Μπορεί η Ελλάδα να Ακολουθήσει το Παράδειγμα της Ιρλανδίας; | |
| 250 | _a1η | ||
| 260 |
_bΚέρκυρα, _c2006 |
||
| 300 | _a168 | ||
| 520 | _aΠρόλογος, urobank EFG, Οι Ομιλητές, Χαιρετισμός, Εισαγωγή στο Συνέδριο, Τα Ερωτήματα που Τέθηκαν στους Ομιλητές, Η Αποψή του Ιδιωτικού Τομέα για την Εμπειρία του ''Κέλτικου Τίγρη'', Από το Ιρλανδικό Μοντέλο στη Στρατηγική της Λισαβόνας: Η Ελληνική Πορεία προς την Ανταγωνιστικότητα, Η Μεταμόρφωση της Ιρλανδικής Οικονομίας - Ο Ρόλος της Δημόσιας Πολιτικής, Συγκριτική Ανάλυση των Παραγόντων που Συνέβαλαν πρόσφατα στην Ανάπτυξη στην Ιρλανδία και την Ελλάδα, Η Εμπειρία της Ιρλανδίας και Διδάγματα για την Ελλάδα: Σύνοψη Συμπερασμάτων Συνεδρίου, Ευρετήριο. | ||
| 700 | 1 |
_aΧαρδούβελης Γκίκας Α _92599 |
|
| 942 | _cBK | ||
| 999 |
_c1998 _d1998 |
||